<?xml version="1.0" encoding="UTF-8"?>
<collection xmlns="http://www.loc.gov/MARC21/slim">
 <record>
  <leader>     na                 </leader>
  <controlfield tag="001">INLIS000000000000750</controlfield>
  <controlfield tag="005">20221031030530</controlfield>
  <datafield tag="035" ind1=" " ind2=" ">
   <subfield code="a">0010-0520000750</subfield>
  </datafield>
  <controlfield tag="008">221031                |          | eng  </controlfield>
  <datafield tag="020" ind1=" " ind2=" ">
   <subfield code="a">81-7534-393-1</subfield>
  </datafield>
  <datafield tag="041" ind1=" " ind2=" ">
   <subfield code="a">ind</subfield>
  </datafield>
  <datafield tag="082" ind1=" " ind2=" ">
   <subfield code="a">341</subfield>
  </datafield>
  <datafield tag="084" ind1=" " ind2=" ">
   <subfield code="a">341 BHA l</subfield>
  </datafield>
  <datafield tag="100" ind1="0" ind2=" ">
   <subfield code="a">Bhanot, V S</subfield>
  </datafield>
  <datafield tag="245" ind1="1" ind2=" ">
   <subfield code="a">Law of Confidential Reports :</subfield>
   <subfield code="b">For Goverment Servants /</subfield>
   <subfield code="c">V S Bhanot</subfield>
  </datafield>
  <datafield tag="260" ind1=" " ind2=" ">
   <subfield code="a">Delhi :</subfield>
   <subfield code="b">Universal Law Publishing,</subfield>
   <subfield code="c">2004</subfield>
  </datafield>
  <datafield tag="300" ind1=" " ind2=" ">
   <subfield code="a">xiv, 433 p. ;</subfield>
   <subfield code="c">21,5 cm</subfield>
  </datafield>
  <datafield tag="500" ind1=" " ind2=" ">
   <subfield code="a">Indeks : Indeks</subfield>
  </datafield>
  <datafield tag="520" ind1=" " ind2=" ">
   <subfield code="a">This is perhaps the only book of its kind which deals with the subject matter of Confidential Reports in a comprehensive manner and contains up-to-date instructions on writing and maintenance of Confidential Report of Government Servants including officers of All India Services. The importance of an Annual Confidential Report for a Government Servant is immense since it is the basic document on the basis of which his future service career depends. Most of the Reporting/Reviewing Officers really do not get to know how an objective Confidential Report is written, due to lack of adequate guidelines. Elaborate guidelines have been given in this book which will help the concerned officers in projecting objective assessment of the Reportee. The scope of judicial interference in matters relating to Confidential Reports has been discussed at great length by incorporating important pronouncements on the subject by the courts. Recent trends in effecting changes in the present system of Report writing have also been incorporated by referring to the recommendations of the Surendranath Committee. Several Appendices have been added to enhance the practical utility of the book. This is perhaps the only book of its kind which deals with the subject matter of Confidential Reports in a comprehensive manner and contains up-to-date instructions on writing and maintenance of Confidential Report of Government Servants including officers of All India Services. The importance of an Annual Confidential Report for a Government Servant is immense since it is the basic document on the basis of which his future service career depends. Most of the Reporting/Reviewing Officers really do not get to know how an objective Confidential Report is written, due to lack of adequate guidelines. Elaborate guidelines have been given in this book which will help the concerned officers in projecting objective assessment of the Reportee. The scope of judicial interference in matters relating to Confidential Reports has been discussed at great length by incorporating important pronouncements on the subject by the courts. Recent trends in effecting changes in the present system of Report writing have also been incorporated by referring to the recommendations of the Surendranath Committee. Several Appendices have been added to enhance the practical utility of the book. This is perhaps the only book of its kind which deals with the subject matter of Confidential Reports in a comprehensive manner and contains up-to-date instructions on writing and maintenance of Confidential Report of Government Servants including officers of All India Services. The importance of an Annual Confidential Report for a Government Servant is immense since it is the basic document on the basis of which his future service career depends. Most of the Reporting/Reviewing Officers really do not get to know how an objective Confidential Report is written, due to lack of adequate guidelines. Elaborate guidelines have been given in this book which will help the concerned officers in projecting objective assessment of the Reportee. The scope of judicial interference in matters relating to Confidential Reports has been discussed at great length by incorporating important pronouncements on the subject by the courts. Recent trends in effecting changes in the present system of Report writing have also been incorporated by referring to the recommendations of the Surendranath Committee. Several Appendices have been added to enhance the practical utility of the book.</subfield>
  </datafield>
  <datafield tag="650" ind1=" " ind2="4">
   <subfield code="a">1. Hukum Pemerintahan (Catatan Rahasia)</subfield>
  </datafield>
  <datafield tag="990" ind1=" " ind2=" ">
   <subfield code="a">01427/MKRI-P/VII-2007</subfield>
  </datafield>
 </record>
</collection>
